[Event "Druga liga Srbije grupa Vojvodina 2012"]
[Site "Kac"]
[Date "2012.10.15"]
[Round "3.5"]
[White "Banovic, Ivan"]
[Black "Mijatovic, Dejan"]
[Result "1/2-1/2"]
[WhiteElo "2148"]
[BlackElo "2271"]
[PlyCount "54"]
[EventDate "2012.10.14"]

1. d4 d5 2. Nf3 Nf6 3. c4 c6 4. e3 e6 5. Bd3 Nbd7 6. O-O Bd6 7. Nc3 O-O 8. e4
dxc4 9. Bxc4 e5 10. dxe5 Nxe5 11. Nxe5 Bxe5 12. Qe2 Qe7 13. f3 Be6 14. Be3 Rfd8
15. Rfd1 Bxc4 16. Qxc4 Qc7 17. g3 Bxg3 18. hxg3 Qxg3+ 19. Kf1 Qxf3+ 20. Bf2 Ng4
21. Qe2 Qh3+ 22. Ke1 h5 23. Qf1 Qf3 24. Rxd8+ Rxd8 25. Bh4 Qe3+ 26. Qe2 Qg1+
27. Qf1 Qe3+ 1/2-1/2

[Event "Druga liga Srbije grupa Vojvodina 2012"]
[Site "Kac"]
[Date "2012.10.15"]
[Round "3.5"]
[White "Sevo, Dusan"]
[Black "Matic, Radovan"]
[Result "1-0"]
[WhiteElo "2266"]
[BlackElo "2159"]
[PlyCount "71"]
[EventDate "2012.10.14"]

1. g3 f5 2. Bg2 Nf6 3. c4 g6 4. Nc3 Bg7 5. d3 O-O 6. e3 e5 7. Nge2 c6 8. O-O d6
9. b4 e4 10. Rb1 d5 11. cxd5 cxd5 12. Qb3 Kh8 13. Rd1 Qe7 14. Ba3 Rd8 15. b5
Qe8 16. dxe4 dxe4 17. Rxd8 Qxd8 18. Rd1 Qe8 19. Nd4 h5 20. Bf1 h4 21. Bc4 g5
22. Bf7 Qe5 23. Bg6 f4 24. Nf3 Qe6 25. Rd8+ Ng8 26. Bf7 Qxb3 27. Rxg8+ Kh7 28.
Nxg5+ Kh6 29. axb3 Kxg5 30. Nxe4+ Kf5 31. Nd6+ Kf6 32. Bd5 Be6 33. Ne8+ Ke5 34.
Bxe6 Kxe6 35. Rxg7 Nd7 36. Nc7+ 1-0

[Event "Druga liga Srbije grupa Vojvodina 2012"]
[Site "Kac"]
[Date "2012.10.15"]
[Round "3.6"]
[White "Dumpor, Atif"]
[Black "Bodiroga, Predrag"]
[Result "1/2-1/2"]
[WhiteElo "2359"]
[BlackElo "2394"]
[PlyCount "27"]
[EventDate "2012.10.14"]

1. d4 Nf6 2. Nf3 d5 3. c4 e6 4. Nc3 Be7 5. cxd5 exd5 6. Bg5 c6 7. e3 Bf5 8. Bd3
Bxd3 9. Qxd3 Nbd7 10. O-O O-O 11. Rab1 a5 12. b3 Re8 13. h3 Ne4 14. Bf4 1/2-1/2

[Event "Druga liga Srbije grupa Vojvodina 2012"]
[Site "Kac"]
[Date "2012.10.15"]
[Round "3.6"]
[White "Vukic, Radivoj"]
[Black "Ratkovic, Milovan"]
[Result "1/2-1/2"]
[WhiteElo "2351"]
[BlackElo "2272"]
[PlyCount "48"]
[EventDate "2012.10.14"]

1. d4 d5 2. c4 c6 3. Nf3 Nf6 4. e3 Bf5 5. Nc3 e6 6. Nh4 Be4 7. f3 Bg6 8. Nxg6
hxg6 9. f4 Bb4 10. cxd5 exd5 11. Bd3 Qd6 12. Qf3 Nbd7 13. g4 O-O-O 14. g5 Ne4
15. Bxe4 dxe4 16. Qg2 c5 17. O-O Bxc3 18. bxc3 Qe6 19. Bd2 Nb6 20. Be1 Nc4 21.
Qe2 Rh3 22. Bg3 Rdh8 23. f5 gxf5 24. Qf2 g6 1/2-1/2

[Event "Druga liga Srbije grupa Vojvodina 2012"]
[Site "Kac"]
[Date "2012.10.15"]
[Round "3.6"]
[White "Titov, Ivan"]
[Black "Ratkovic, Miloje"]
[Result "0-1"]
[WhiteElo "2173"]
[BlackElo "2202"]
[PlyCount "86"]
[EventDate "2012.10.14"]

1. d4 d5 2. Nf3 Nf6 3. e3 Bf5 4. c4 c6 5. cxd5 cxd5 6. Qb3 Qc7 7. Bd2 e6 8.
Bb5+ Nc6 9. O-O Bd6 10. Rc1 O-O 11. Nc3 Qe7 12. Na4 Rfc8 13. Nc5 Nd8 14. Bb4
Ne4 15. Nxe4 Bxb4 16. Ng3 Bg6 17. a3 Bd6 18. Rc3 a6 19. Be2 Nc6 20. Rac1 Qd7
21. Qb6 Rab8 22. Bd1 Bc7 23. Qc5 Qd8 24. Ne5 Bb6 25. Nxc6 Rxc6 26. Qb4 Ba5 27.
Qa4 Bxc3 28. bxc3 Qc7 29. Ne2 Bd3 30. Qb4 Rc8 31. g3 b5 32. a4 a5 33. Qb2 b4
34. Nf4 Rxc3 35. Ra1 Bg6 36. Ne2 Rc6 37. Kg2 Bc2 38. Nf4 Bxd1 39. Rxd1 Rc1 40.
Qe2 Rxd1 41. Qxd1 Qc2 42. Qg4 b3 43. Qg5 b2 0-1

[Event "Druga liga Srbije grupa Vojvodina 2012"]
[Site "Kac"]
[Date "2012.10.15"]
[Round "3.6"]
[White "Kostic, Branimir"]
[Black "Vajdic, Nikola"]
[Result "1-0"]
[WhiteElo "2234"]
[BlackElo "2290"]
[PlyCount "66"]
[EventDate "2012.10.14"]

1. d4 d5 2. c4 c6 3. Nf3 Nf6 4. Nc3 a6 5. c5 Nbd7 6. Bf4 Nh5 7. Bd2 Nhf6 8. h3
g6 9. Bf4 Bg7 10. e3 O-O 11. Be2 Ne8 12. O-O f6 13. e4 e6 14. Rc1 f5 15. e5 h6
16. h4 Kf7 17. Qd2 Rh8 18. g3 Nc7 19. b4 Nf8 20. Kg2 g5 21. hxg5 Ng6 22. Rh1
Nxf4+ 23. Qxf4 Qf8 24. Rh2 hxg5 25. Nxg5+ Ke7 26. Rxh8 Qxh8 27. Rh1 Qg8 28. Qh4
Bd7 29. Nge4+ Kf8 30. Nd6 Be8 31. Na4 Rb8 32. Nb6 Na8 33. Nxe8 Nxb6 1-0

[Event "Druga liga Srbije grupa Vojvodina 2012"]
[Site "Kac"]
[Date "2012.10.15"]
[Round "3.6"]
[White "Jacimovic, Zoran"]
[Black "Milojevic, Dusan"]
[Result "0-1"]
[WhiteElo "2168"]
[BlackElo "2188"]
[PlyCount "104"]
[EventDate "2012.10.14"]

1. e4 c5 2. Nf3 a6 3. c4 Nc6 4. d4 cxd4 5. Nxd4 e5 6. Nc2 Bc5 7. Nc3 Nd4 8. Bd3
Ne7 9. O-O O-O 10. Nxd4 Bxd4 11. Ne2 Ba7 12. Kh1 b5 13. Ng3 Bb7 14. b3 b4 15.
a3 a5 16. a4 d6 17. f4 exf4 18. Nh5 Bd4 19. Bxf4 Ng6 20. Ra2 Qe7 21. Qg4 Rae8
22. Re2 Be5 23. Be3 Bc8 24. Qf3 Nh4 25. Qf2 Bg4 26. Nf4 Bxf4 27. Bxf4 Bxe2 28.
Qxe2 f5 29. c5 dxc5 30. Bc4+ Kh8 31. e5 Ng6 32. e6 Nxf4 33. Rxf4 Qd6 34. Rf3
Re7 35. Rd3 Qf4 36. Rf3 Qc1+ 37. Rf1 Qc3 38. Rf3 Qf6 39. Rd3 Rfe8 40. Rd6 g6
41. h3 Kg7 42. Qe3 Rc8 43. Kh2 f4 44. Qe4 Qg5 45. Kg1 h5 46. Kf1 f3 47. gxf3
Qg3 48. Rd2 Rf8 49. Rf2 Qxh3+ 50. Ke1 Rf6 51. Kd2 Qf5 52. Qa8 Rfxe6 0-1